QUEST Central Library Banner

Printed Circuit Boards : design, fabrication, assembly and testing (Record no. 214)

MARC details
000 -LEADER
fixed length control field 00667nam a2200193 a 4500
020 ## - INTERNATIONAL STANDARD BOOK NUMBER
ISBN 0070588147 (hardcover)
020 ## - INTERNATIONAL STANDARD BOOK NUMBER
ISBN 9780070588141 (hardcover)
082 ## - DEWEY DECIMAL CLASSIFICATION NUMBER
Classification number 621.381531KHA
100 ## - MAIN ENTRY--AUTHOR NAME
Personal name Khandpur, R.S
245 00 - TITLE STATEMENT
Title Printed Circuit Boards : design, fabrication, assembly and testing
260 ## - PUBLICATION, DISTRIBUTION, ETC. (IMPRINT)
Place of publication [S.l.] :
Name of publisher McGraw-Hill Professional Publishing,
Year of publication 2005.
300 ## - PHYSICAL DESCRIPTION
Number of Pages 1 v. (unpaged) ;
650 ## - SUBJECT ADDED ENTRY--TOPICAL TERM
Topical Term Printed circuits Design and construction
650 ## - SUBJECT ADDED ENTRY--TOPICAL TERM
Topical Term Electronic apparatus and appliances Design and construction
650 ## - SUBJECT ADDED ENTRY--TOPICAL TERM
Topical Term Transfer functions
650 ## - SUBJECT ADDED ENTRY--TOPICAL TERM
Topical Term Electric circuits, Linear
856 40 - ELECTRONIC LOCATION AND ACCESS
Uniform Resource Identifier http://10.10.170.122:8080/browse/book/24922
942 ## - ADDED ENTRY ELEMENTS (KOHA)
Koha item type Books
Holdings
Withdrawn status Lost status Collection code Home library Current library Date acquired Cost, normal purchase price Full call number Accession Number Koha item type Shelving location
    Reference Reference Section Reference Section 23/04/2014 1695.00 621.38456KHA (Shelf - 54D) 34324 Books  
      Reference Section Reference Section 20/12/2023 1790.00 621.381531KHA (Shelf - 54C) 32868 Books Reference

Copyright © 2018,The QUEST, Nawabshah, Shaheed Benazirabad. All rights reserved
Mr. G. Farooq Channar (Librarian) QUEST, Nawabshah, Sindh, Pakistan 67480.
 Ph#: |   0244-9370381-4 Ext. 2308   Email| lib@quest.edu.pk   Web|  http://www.quest.edu.pk